Score 0/30 Timer 04:00
3 Plays Today
TV Show (M)ore or (F)ewer than 300 Episodes % Correct
The Simpsons???
93.8%
Law and Order???
88.6%
CSI: Crime Scene Investigation???
83.2%
Law and Order: SVU???
82%
South Park???
81.5%
Family Guy???
74.8%
The Office (US)???
72.3%
Grey's Anatomy???
71.1%
Monty Python's Flying Circus???
70.9%
ER???
68.1%
All in the Family???
67.5%
Everybody Loves Raymond???
67.4%
Gunsmoke???
63.9%
Matlock???
63.7%
Bonanza???
63.3%
TV Show (M)ore or (F)ewer than 300 Episodes % Correct
Frasier???
62.8%
The Carol Burnett Show???
61.7%
Happy Days???
61.6%
Seinfeld???
60.2%
I Love Lucy???
58.6%
Criminal Minds???
56.4%
Murder, She Wrote???
55.6%
Friends???
50.9%
Cheers???
50.3%
The Big Bang Theory???
47.1%
Dallas (1978)???
44.9%
M*A*S*H???
36.4%
Lassie???
35.5%
My Three Sons???
28.7%
Knots Landing???
27.1%

You're not logged in!

Compare scores with friends on all Sporcle quizzes.
OR
Log In

Sporcle TV

Today on Sporcle TV


Watch our educational content, quiz creation guides, and fun videos on Sporcle TV.

Show Comments

Extras

Top Quizzes Today


Score Distribution

Paid Content

Your Account Isn't Verified!

In order to create a playlist on Sporcle, you need to verify the email address you used during registration. Go to your Sporcle Settings to finish the process.

Report this User

Report this user for behavior that violates our Community Guidelines.

Details: